[Event "Wloclawek CC Classic 19th"]
[Site "Wloclawek"]
[Date "2017.??.??"]
[Round "3"]
[White "Milecki, Robert"]
[Black "Zajac, Szymon"]
[Result "1-0"]
[WhiteElo "1515"]
[BlackElo "1191"]
[PlyCount "85"]
[EventDate "2017.06.??"]
[EventType "swiss"]
[EventRounds "7"]
[EventCountry "POL"]
[SourceTitle "EXT 2021"]
[Source "ChessBase"]
[SourceDate "2020.10.23"]
[SourceVersion "1"]
[SourceVersionDate "2020.10.23"]
[SourceQuality "1"]

1. e4 c6 2. d4 d5 3. Nc3 Nf6 4. e5 Nfd7 5. f4 e6 6. Nf3 a6 7. a3 c5 8. Be3 Qb6 9. Na4 Qc7 10. Bd3 Be7 11. 0-0 0-0 12. g4 c4 13. Be2 b5 14. Nc3 f5 15. gxf5 Rxf5 16. Ng5 Bxg5 17. fxg5 Nf8 18. Bg4 Rxf1+ 19. Qxf1 Nc6 20. Ne2 Bd7 21. c3 Re8 22. Qf2 Ng6 23. Rf1 Rf8 24. Qg2 Qd8 25. Qh3 Rxf1+ 26. Kxf1 Qe7 27. Qg3 Nd8 28. h4 Qf7+ 29. Kg2 Ne7 30. Qh3 Nf5 31. Bd2 g6 32. Nf4 Kf8 33. h5 Kg7 34. hxg6 hxg6 35. Bxf5 gxf5 36. Qh6+ Kg8 37. Nh5 Qf8 38. Nf6+ Kf7 39. g6+ Ke7 40. Qh7+ Nf7 41. Qxf7+ Qxf7 42. gxf7 Kxf7 43. Nxd7 1-0

[Event "Wloclawek CC Classic 19th"]
[Site "Wloclawek"]
[Date "2017.??.??"]
[Round "5"]
[White "Zajac, Robert"]
[Black "Zajac, Szymon"]
[Result "1-0"]
[WhiteElo "1240"]
[BlackElo "1191"]
[PlyCount "49"]
[EventDate "2017.06.??"]
[EventType "swiss"]
[EventRounds "7"]
[EventCountry "POL"]
[SourceTitle "EXT 2021"]
[Source "ChessBase"]
[SourceDate "2020.10.23"]
[SourceVersion "1"]
[SourceVersionDate "2020.10.23"]
[SourceQuality "1"]

1. d4 d5 2. Bf4 Bf5 3. e3 e6 4. c4 Nf6 5. Nc3 a6 6. cxd5 Nxd5 7. Nxd5 exd5 8. Qb3 b5 9. Rc1 c6 10. Nf3 Qa5+ 11. Kd1 Qb6 12. Ne5 f6 13. Nf3 Nd7 14. Bd3 Be6 15. Ke2 Be7 16. Rhd1 0-0 17. Qc2 Rac8 18. Bxh7+ Kh8 19. Qg6 Bf7 20. Qf5 Rfd8 21. Qh3 Qb7 22. Bg6+ Kg8 23. Qh7+ Kf8 24. Qh8+ Bg8 25. Bh6 1-0

[Event "Wloclawek CC Classic 18th"]
[Site "Wloclawek"]
[Date "2017.??.??"]
[Round "5"]
[White "Zajac, Szymon"]
[Black "Muzalewski, Slawomir"]
[Result "0-1"]
[WhiteElo "1192"]
[BlackElo "1350"]
[PlyCount "134"]
[EventDate "2017.04.??"]
[EventType "swiss"]
[EventRounds "7"]
[EventCountry "POL"]
[SourceTitle "EXT 2021"]
[Source "ChessBase"]
[SourceDate "2020.10.23"]
[SourceVersion "1"]
[SourceVersionDate "2020.10.23"]
[SourceQuality "1"]

1. d4 Nf6 2. c4 d5 3. e3 Bf5 4. Nc3 e6 5. Be2 c6 6. Nf3 Nbd7 7. 0-0 Be7 8. b3 0-0 9. Bb2 Re8 10. Bd3 Bg4 11. h3 Bh5 12. Be2 Bg6 13. Bd3 Ne4 14. Bxe4 dxe4 15. Nd2 f5 16. f3 Bg5 17. f4 Bh4 18. Ne2 Bh5 19. Kh2 c5 20. g3 Bf6 21. Qe1 Qb6 22. g4 fxg4 23. hxg4 Bxg4 24. Ng3 cxd4 25. Ndxe4 dxe3 26. c5 Qc6 27. Bxf6 gxf6 28. Qxe3 Re7 29. b4 Rg7 30. Rg1 h5 31. Qd4 Rf8 32. a4 h4 33. Nf1 f5 34. Ng5 Nf6 35. Qd6 Qxd6 36. cxd6 Re8 37. Ne3 Rd7 38. Nc4 Nd5 39. Rge1 Nxf4 40. Ra3 a6 41. Rae3 b5 42. axb5 axb5 43. Ne5 Rxd6 44. Nxg4 fxg4 45. Re4 Rd2+ 46. Kg1 Nd3 47. Rd4 Nxe1 48. Rxd2 Nf3+ 49. Nxf3 gxf3 50. Rf2 Rf8 51. Kf1 Rf4 52. Ke1 e5 53. Kd2 Rd4+ 54. Kc3 Rc4+ 55. Kb3 e4 56. Rf1 Kf7 57. Rh1 e3 58. Rh3 Rf4 59. Rh1 f2 60. Kc3 e2 61. Kd2 f1Q 62. Rxf1 exf1Q 63. Ke3 Qf3+ 64. Kd2 Rg4 65. Ke1 Re4+ 66. Kd2 Re2+ 67. Kd1 Qf1# 0-1

[Event "POL-chT U19 46th"]
[Site "Ustron"]
[Date "2015.07.29"]
[Round "5.21"]
[White "Pultorak, Jan"]
[Black "Zajac, Szymon"]
[Result "1-0"]
[WhiteElo "2126"]
[BlackElo "1405"]
[PlyCount "95"]
[EventDate "2015.07.25"]
[EventType "team-tourn"]
[EventRounds "9"]
[EventCountry "POL"]
[SourceTitle "EXT 2018"]
[Source "ChessBase"]
[SourceDate "2017.10.13"]
[SourceVersion "1"]
[SourceVersionDate "2017.10.13"]
[SourceQuality "1"]
[WhiteTeam "Opole Rodlo U19"]
[BlackTeam "Trzebinia UKS Hetman Koronny U19 II"]
[WhiteTeamCountry "POL"]
[BlackTeamCountry "POL"]

1. d4 d5 2. c4 e6 3. Nc3 Nf6 4. cxd5 exd5 5. Bg5 Be7 6. e3 c6 7. Qc2 h6 8. Bh4 Be6 9. Bd3 0-0 10. Nge2 Qc8 11. 0-0 Re8 12. Rad1 Qc7 13. Nf4 Nbd7 14. Nxe6 fxe6 15. Bg3 Qc8 16. Qe2 Bb4 17. Bg6 Rf8 18. a3 Bxc3 19. bxc3 Ne4 20. Bxe4 dxe4 21. Rb1 b6 22. Bh4 Rf5 23. Qc2 Nf6 24. Bxf6 Rxf6 25. Qxe4 Qd7 26. f4 Rc8 27. c4 Qd6 28. Rb3 Rcf8 29. Rd3 Rd8 30. Rfd1 Rf5 31. Qf3 g5 32. g3 Rdf8 33. Qh5 Kg7 34. e4 Ra5 35. Qg4 Qe7 36. h4 Rg8 37. e5 Rxa3 38. fxg5 hxg5 39. Rxa3 Qxa3 40. Rf1 Qe3+ 41. Kh2 Rh8 42. Rf3 Qd2+ 43. Kh3 Qc1 44. Qxe6 Qh1+ 45. Kg4 Rxh4+ 46. gxh4 Qxh4+ 47. Kf5 Qh7+ 48. Kxg5 1-0

[Event "POL-chT U19 46th"]
[Site "Ustron"]
[Date "2015.07.26"]
[Round "2.21"]
[White "Zajac, Szymon"]
[Black "Kosakowski, Jakub"]
[Result "0-1"]
[WhiteElo "1405"]
[BlackElo "2149"]
[PlyCount "90"]
[EventDate "2015.07.25"]
[EventType "team-tourn"]
[EventRounds "9"]
[EventCountry "POL"]
[SourceTitle "EXT 2018"]
[Source "ChessBase"]
[SourceDate "2017.10.13"]
[SourceVersion "1"]
[SourceVersionDate "2017.10.13"]
[SourceQuality "1"]
[WhiteTeam "Trzebinia UKS Hetman Koronny U19 II"]
[BlackTeam "Bialystok MUKS Stoczek 45 U19"]
[WhiteTeamCountry "POL"]
[BlackTeamCountry "POL"]

1. e4 c5 2. Nf3 d6 3. c3 Nf6 4. h3 Bd7 5. Bd3 Bc6 6. Qe2 e5 7. Bc2 Qb6 8. 0-0 Be7 9. b3 0-0 10. Re1 Nbd7 11. c4 Nh5 12. d3 Nf4 13. Bxf4 exf4 14. Nbd2 Bf6 15. Rab1 Bc3 16. Red1 Rae8 17. Nh2 f5 18. f3 Nf6 19. Nhf1 d5 20. cxd5 Bd4+ 21. Kh1 Nxd5 22. Nc4 Qc7 23. Re1 Nc3 24. Qd2 Nxb1 25. Bxb1 fxe4 26. dxe4 Rd8 27. Qc2 b5 28. e5 g6 29. e6 Rfe8 30. Ncd2 Rd6 31. Ne4 Rdxe6 32. Nfd2 Bd5 33. Rd1 Kg7 34. b4 c4 35. Nb3 Bxe4 36. fxe4 Rxe4 37. Nxd4 Re1+ 38. Rxe1 Rxe1+ 39. Kh2 f3+ 40. g3 Qe5 41. Qf2 Rxb1 42. Nf5+ Qxf5 43. Qxa7+ Kh6 44. Qe3+ Qg5 45. Qxg5+ Kxg5 0-1